Communication Today Scientific Journal from the Mass Media and Marketing Communication Field.

Odborné vedecké úvahy o médiách, mediálnych kompetenciách, mediálnom myslení, marketingových vzťahoch a nových trendoch v marketingu v oblasti masmédií a marketingovej komunikácie.

Salvato in:
Dettagli Bibliografici
Natura: Periodico
Lingua:inglese
Pubblicazione: Trnava Univerzita sv. Cyrila a Metoda v Trnave
Soggetti:
Tags: Aggiungi Tag
Nessun Tag, puoi essere il primo ad aggiungerne!!

MARC

LEADER 00000nls a2200000 4500
001 0238145
005 20260324133135.9
022 |a 2730-051X 
022 |a 1338-130X 
041 0 |a eng 
044 |a SK 
245 1 0 |a Communication Today  |b Scientific Journal from the Mass Media and Marketing Communication Field. 
264 1 |a Trnava  |b Univerzita sv. Cyrila a Metoda v Trnave 
520 |a Odborné vedecké úvahy o médiách, mediálnych kompetenciách, mediálnom myslení, marketingových vzťahoch a nových trendoch v marketingu v oblasti masmédií a marketingovej komunikácie. 
610 2 0 |a komunikácia masmediálna 
610 2 0 |a komunikácia marketingová 
610 2 0 |a stratégia marketingová 
610 2 0 |a komunikácia masová 
610 2 0 |a vzdelávanie 
610 2 0 |a médiá 
610 2 0 |a výskum